[Event "POL-ch Rapid U18"]
[Site "Bydgoszcz"]
[Date "2023.08.29"]
[Round "1"]
[White "Zyto, Karol"]
[Black "Klimkowski, Jan"]
[Result "0-1"]
[WhiteElo "1636"]
[BlackElo "2347"]
[PlyCount "84"]
[EventDate "2023.08.28"]
[EventType "swiss"]
[EventRounds "11"]
[EventCountry "POL"]
[SourceTitle "EXT 2024"]
[Source "ChessBase"]
[SourceDate "2023.10.10"]
[SourceVersion "1"]
[SourceVersionDate "2023.10.10"]
[SourceQuality "1"]

1. d4 Nf6 2. Nf3 e6 3. c4 d5 4. g3 Bb4+ 5. Bd2 Be7 6. b3 0-0 7. Bg2 Ne4 8. 0-0 c6 9. Qc2 Nd7 10. Nc3 f5 11. Ne5 Nxe5 12. dxe5 Nxd2 13. Qxd2 dxc4 14. Qxd8 Rxd8 15. bxc4 Rd4 16. Rfd1 Rxc4 17. Rd3 Rb8 18. Rad1 b5 19. Bf3 a5 20. e3 g5 21. Be2 Kf8 22. Rd8+ Bxd8 23. Bxc4 Bc7 24. Bb3 Bxe5 25. Ne2 Ke7 26. Nd4 Bxd4 27. exd4 Kd6 28. Re1 Bd7 29. Re5 a4 30. Bc2 Ra8 31. g4 b4 32. gxf5 exf5 33. Kf1 Be6 34. Ke1 Bxa2 35. Rxf5 a3 36. Rxg5 Bd5 37. Bxh7 a2 38. Rg6+ Kc7 39. Rg7+ Kb6 40. Bc2 a1Q+ 41. Kd2 Qxd4+ 42. Kc1 Ra1+ 0-1

[Event "POL-ch U15 Qual"]
[Site "Jastrzebia Gora"]
[Date "2021.11.20"]
[Round "8"]
[White "Dysko, Michal"]
[Black "Zyto, Karol"]
[Result "1/2-1/2"]
[WhiteElo "1222"]
[BlackElo "1472"]
[PlyCount "61"]
[EventDate "2021.11.15"]
[EventType "swiss"]
[EventRounds "9"]
[EventCountry "POL"]
[SourceTitle "EXT 2023"]
[Source "ChessBase"]
[SourceDate "2022.10.05"]
[SourceVersion "1"]
[SourceVersionDate "2022.10.05"]
[SourceQuality "1"]

1. d4 e6 2. c4 d5 3. Nc3 f5 4. Bf4 Nf6 5. Nf3 Bd6 6. e3 c6 7. Bd3 0-0 8. 0-0 Qe7 9. Bxd6 Qxd6 10. c5 Qc7 11. b4 Bd7 12. a4 Be8 13. Qb3 Ne4 14. Rfb1 Bh5 15. Bxe4 fxe4 16. Ne5 Nd7 17. Nxd7 Qxd7 18. b5 Qf7 19. Ra2 Qg6 20. Ne2 Qf6 21. Ng3 Be8 22. Rab2 Bd7 23. Qc3 Rf7 24. Rf1 Qe7 25. Rfb1 Qg5 26. Ne2 Qh4 27. Nf4 Qe7 28. Ne2 Qh4 29. Nf4 Qe7 30. Ne2 Qh4 31. Nf4 1/2-1/2